| 000 | 00414nam a22001337a 4500 | ||
|---|---|---|---|
| 008 | 230623b xxu||||| |||| 00| 0 eng d | ||
| 020 | _a9966900292 | ||
| 082 |
_a330. _bMON 1995 |
||
| 245 | _aFinancial Policies and Economic Growth: THeory,Evidence and Country-Specific Experience from Sub-Saharan Africa | ||
| 260 |
_bAfrican Economic Research Consortium _c1995 |
||
| 300 | _a33p | ||
| 440 | _n18 | ||
| 942 |
_2ddc _cBK |
||
| 999 |
_c2405 _d2405 |
||